000
00274nam a2200133Ia 4500
100
_a
Miller E.P.
942
_c
BK
245
_a
Powder coating
260
_b
Society Of Manufacturing Engineers
082
_a
667.9
_b
MIL
300
_a
287
546
_a
ENGLISH
999
_c
32593
_d
32593